Design of Steel Structures / (Record no. 1313)
[ view plain ]
| 000 -LEADER | |
|---|---|
| fixed length control field | 00443 a2200133 4500 |
| 020 ## - INTERNATIONAL STANDARD BOOK NUMBER | |
| International Standard Book Number | 0070230544 : |
| 082 ## - DEWEY DECIMAL CLASSIFICATION NUMBER | |
| Classification number | 624.1821 GAY |
| 100 ## - MAIN ENTRY--PERSONAL NAME | |
| Personal name | Gaylord, Edwin H. |
| 245 ## - TITLE STATEMENT | |
| Title | Design of Steel Structures / |
| Statement of responsibility, etc. | E.H.Gaylord |
| 250 ## - EDITION STATEMENT | |
| Edition statement | 3rd ed. / |
| Remainder of edition statement | Edwin H. Gaylord, Jr., Charles N. Gaylord, James E. Stallmeyer. |
| 260 ## - PUBLICATION, DISTRIBUTION, ETC. | |
| Place of publication, distribution, etc. | New York : |
| Name of publisher, distributor, etc. | McGraw-Hill, |
| Date of publication, distribution, etc. | c1992. |
| 300 ## - PHYSICAL DESCRIPTION | |
| Extent | xxi, 792 p. : |
| Other physical details | ill. ; |
| Dimensions | 25 cm. |
| 650 ## - SUBJECT ADDED ENTRY--TOPICAL TERM | |
| Topical term or geographic name entry element | Building, Iron and steel. |
| 650 ## - SUBJECT ADDED ENTRY--TOPICAL TERM | |
| Topical term or geographic name entry element | Aluminum construction. |
| Withdrawn status | Lost status | Damaged status | Not for loan | Permanent Location | Current Location | Shelving location | Date acquired | Total Checkouts | Full call number | Barcode | Checked out | Date last seen | Date last checked out | Price effective from | Koha item type | Source of classification or shelving scheme | Total Renewals |
|---|---|---|---|---|---|---|---|---|---|---|---|---|---|---|---|---|---|
| Central Library (CL) | Central Library (CL) | 01/05/2017 | 4 | 624.1821 GAY | NIT-2345 | 03/05/2026 | 09/12/2025 | 01/05/2017 | Book | 2 | |||||||
| School of Civil and Environmental Engineering (SCEE) | School of Civil and Environmental Engineering (SCEE) | 2 | 624.1821 GAY | NIT-197 | 05/15/2026 | 01/15/2026 | 01/15/2026 | 01/05/2017 | Book | ||||||||
| School of Civil and Environmental Engineering (SCEE) | School of Civil and Environmental Engineering (SCEE) | 01/05/2017 | NIT-198 | 01/05/2017 | 01/05/2017 | Book |
